Gaming Quiz

Random Gaming Quiz
Score 0/106 Timer 20:00
0 Plays Today
Type Answer % Correct
DaggerDirk of Cronus
94.3%
BowDoom Bow
91.4%
BowCoral Bow
90%
HelmHelm of the Juggernaut
85.7%
BowLeaf Bow
84.3%
DaggerSpirit dagger
82.9%
BowThousand Shot
80%
BowBow of the Void
80%
SwordDemon Blade
80%
ShieldShield of Ogmur
80%
RingRing of the Nile
78.6%
StaffStaff of Extreme Prejudice
77.1%
SwordCrystal Sword
77.1%
CloakCloak of the Planewalker
77.1%
RingRing of the Pyramid
77.1%
SwordAncient Stone Sword
75.7%
WandCrystal Wand
74.3%
QuiverQuiver of Thunder
74.3%
RingRing of the Sphinx
74.3%
OrbOrb of Conflict
71.4%
SealSeal of Blasphemous Prayer
71.4%
KatanaRay Katana
70%
SwordPirate King's Cutlass
70%
SwordSword of the Colossus
70%
TomeTome of Purification
70%
TrapCoral Venom Trap
68.6%
TomeTome of Holy Protection
68.6%
SealMarble Seal
68.6%
RingBracer of the Guardian
68.6%
RingThe Forgotten Crown
68.6%
PrismPrism of Dancing Swords
67.1%
RingOmnipotence Ring
67.1%
PoisonMurky Toxin
65.7%
Light armorArmor of Nil
65.7%
RobeWater Dragon Silk Robe
65.7%
WandWand of the Bulwark
64.3%
Type Answer % Correct
PoisonPlague Poison
64.3%
QuiverQuiver of the Shadows
64.3%
RingThe Twilight Gemstone
64.3%
SpellTablet of the King’s Avatar
62.9%
RingMagical Lodestone
62.9%
KatanaVoid blade
61.4%
WandConducting Wand
61.4%
ScepterScepter of Fulmination
61.4%
PrismGhostly Prism
60%
StarMidnight Star
60%
StarKageboshi
58.6%
ShieldSpiteful Scutum
58.6%
RingSourcestone
58.6%
WandWand of the Fallen
57.1%
SkullSkullish Remains of Esben
57.1%
RobeRobe of the Mad Scientist
57.1%
Heavy ArmorFire Dragon Battle Armor
57.1%
Heavy ArmorBreastplate of New Life
57.1%
DaggerQueen's Stinger Dagger
55.7%
TrapTrap of the Vile Spirit
55.7%
CloakCloak of Bloody Surprises
54.3%
HelmHivemaster Helm
54.3%
Light armorHarlequin Armor
54.3%
Heavy ArmorResurrected Warrior’s Armor
54.3%
StaffStaff of Esben
52.9%
Heavy ArmorCandy-Coated Armor
52.9%
BowRobobow
51.4%
PrismPrism of Dire Instability
50%
QuiverBeehemoth Quiver
50%
Light armorLeaf Dragon Hide Armor
50%
SkullSkull of Endless Torment
47.1%
HelmHelm of the Swift Bunny
47.1%
RobeRitual Robe
47.1%
RingBloodshed Ring
47.1%
BowClover Bow
45.7%
BowBow of the Morning Star
45.7%
Type Answer % Correct
KatanaSullen blade
45.7%
DaggerChicken leg
41.4%
StaffStaff of Unholy Sacrifice
41.4%
DaggerSunshine Shiv
40%
SwordSword of Illumination
40%
StaffKoalaPOW
38.6%
SwordSword of the Rainbow's End
38.6%
QuiverFreezing Quiver
38.6%
SkullSkull of Corrupted Souls
38.6%
RingFrimarra
38.6%
BowArctic Bow
37.1%
SwordDoctor Swordsworth
37.1%
SpellVitamine Buster
37.1%
RingIce Crown
35.7%
RingRing of the Northern Light
35.7%
KatanaArbiters Wrath
34.3%
SwordIndomptable
34.3%
StaffAnatis Staff
32.9%
StaffStaff of Iceblast
32.9%
TomeTome of Frigid Protection
32.9%
WandEternal Snowflake Wand
30%
PrismBrain of the Golem
30%
RingEnchanted Ice Shard
30%
SwordEnchanted Ice Blade
28.6%
WandSpicy Wand of Spice
28.6%
WandFrozen Wand
27.1%
HelmHelm of Draconic Dominance
25.7%
RingRusty Cuffs
25.7%
SwordApocalypse Feather
24.3%
SkinJester Skin
24.3%
SkinBashing Bride Skin
24.3%
SkinEligible Bachelor Skin
22.9%
SkinPuppet Master Skin
20%
SkinInfected Skin
18.6%
Remove Ads.
Support Sporcle.
Get the best of Sporcle when you Go Orange. This ad-free experience offers more features, more stats, and more fun while also helping to support Sporcle. Thank you for becoming a member.

You're not logged in!

Compare scores with friends on all Sporcle quizzes.
OR
Log In

Show Comments

Extras

Created Sep 19, 2017ReportNominate
Tags:bag, hall, post, White

Top Quizzes Today


Score Distribution

Your Account Isn't Verified!

In order to create a playlist on Sporcle, you need to verify the email address you used during registration. Go to your Sporcle Settings to finish the process.

Report this User

Report this user for behavior that violates our Community Guidelines.

Details: